Повышение эксплуатационной надежности рабочих органов кормодробилок молоткового типа; Фундаментальные основы современных аграрных технологий и техники

Podrobná bibliografie
Parent link:Фундаментальные основы современных аграрных технологий и техники.— 2015.— [С. 211-213]
Hlavní autor: Романенко А. В.
Korporativní autor: Национальный исследовательский Томский политехнический университет (ТПУ) Юргинский технологический институт (филиал) (ЮТИ) Кафедра агроинженерии (АИ)
Další autoři: Коноводов В. В. Виталий Васильевич (научный руководитель)
Shrnutí:Заглавие с титульного экрана
Jazyk:ruština
Vydáno: 2015
Edice:Физика и механика в решении прикладных задач агропромышленного комплекса
Témata:
On-line přístup:http://earchive.tpu.ru/handle/11683/16568
http://www.lib.tpu.ru/fulltext/c/2015/C106/078.pdf
Médium: MixedMaterials Elektronický zdroj Kapitola
KOHA link:https://koha.lib.tpu.ru/cgi-bin/koha/opac-detail.pl?biblionumber=616314

MARC

LEADER 00000naa2a2200000 4500
001 616314
005 20231102023612.0
035 |a (RuTPU)RU\TPU\conf\14552 
035 |a RU\TPU\conf\14548 
090 |a 616314 
100 |a 20151223d2015 k y0rusy50 ca 
101 0 |a rus 
102 |a RU 
105 |a y z 101zy 
135 |a drgn ---uucaa 
181 0 |a i  
182 0 |a b 
200 1 |a Повышение эксплуатационной надежности рабочих органов кормодробилок молоткового типа  |f А. В. Романенко  |g науч. рук. В. В. Коноводов 
203 |a Текст  |c электронный 
225 1 |a Физика и механика в решении прикладных задач агропромышленного комплекса 
230 |a 1 компьютерный файл (pdf; 312 Кб) 
300 |a Заглавие с титульного экрана 
320 |a [Библиогр.: с. 213 (4 назв.)] 
337 |a Adobe Reader 
463 0 |0 (RuTPU)RU\TPU\conf\14035  |t Фундаментальные основы современных аграрных технологий и техники  |o сборник трудов Всероссийской молодежной научно-практической конференции, г. Юрга, 21-23 октября 2015 г.  |f Национальный исследовательский Томский политехнический университет (ТПУ), Юргинский технологический институт (ЮТИ) ; под ред. Д. А. Чинахова  |v [С. 211-213]  |d 2015 
610 1 |a труды учёных ТПУ 
610 1 |a электронный ресурс 
610 1 |a эксплуатационная надежность 
610 1 |a рабочие органы 
610 1 |a дробилки 
610 1 |a дробильно-измельчительные машины 
700 1 |a Романенко  |b А. В. 
702 1 |a Коноводов  |b В. В.  |c специалист в области агроинженерии  |c почётный работник высшего профессионального образования РФ, профессор Юргинского технологического института (филиала) Томского политехнического университета  |g Виталий Васильевич  |2 stltpush  |4 727  |9 10759 
712 0 2 |a Национальный исследовательский Томский политехнический университет (ТПУ)  |b Юргинский технологический институт (филиал) (ЮТИ)  |b Кафедра агроинженерии (АИ)  |h 1490  |2 stltpush  |3 (RuTPU)RU\TPU\col\19136 
801 2 |a RU  |b 63413507  |c 20210224  |g RCR 
856 4 |u http://earchive.tpu.ru/handle/11683/16568 
856 4 |u http://www.lib.tpu.ru/fulltext/c/2015/C106/078.pdf 
942 |c BK